00746nam a2200289Ia 4500008004100000020001300041050001000054050001400064100002200078245002700100245002500127245004700152260001500199260001700214260000900231300002200240300002000262300001000282500002200292650001600314650002600330650002400356650001800380700002800398700001100426999001900437170711s9999 xx 000 0 und d a72443715 a658.4 bT482 2003 aThompson, Richard aStrategic management : bconcepts and cases / cRichard Thompson and A. J. Strickland III. aNew York : bMcGraw Hill, c2003 axxiv, 788 pages : billustrations ; c24cm. aIncludes indexes. aManagement. aStrategic planning -- aStrategic planning. xCase studies. aStrickland, A. J., III. aTitle. c339641d339641